000 00945nas a2200313 4500
001 BR9901849
003 BR-BrBNA
005 20231205101342.0
007 ta
008 230509b bl.|||p| |||| 00| 00por d
040 _aBR-BrBNA
_bpor
_cBiblioteca Nacional de Agricultura
041 _a(Pt)
072 _aL51
100 1 _aConhalato, G. da S.
100 1 _aDonzele, J.L.
100 1 _aAlbino, L.F.T.
100 1 _aOliveira, R.F.M. de
100 1 _aFontes, D. de O.
245 1 _aNiveis de lisina digestivel para frangos de corte machos na fase de 22 a 42 dias de idade
650 _aFrango de Corte
650 _aRacao
650 _aLisina
650 _aExigencia Nutricional
650 _aDigestibilidade
650 _aMinas Gerais
773 0 _tRevista Brasileira de Zootecnia (Brazil)
_xISSN 1516-3598
_g(Jan-Feb 1999), v. 28(1) p. 98-104
_wBR9901849
909 _a202311
_bLúcia
_c55
_dLúcia Elande
942 _2AGRIS
_n0
_cANA
999 _c161306
_d161306